[Event "Skovbo GM"]
[Site "Borup"]
[Date "2012.09.15"]
[Round "2"]
[White "Teplyi, Igor"]
[Black "Solodovnichenko, Yuri"]
[Result "0-1"]
[WhiteElo "2377"]
[BlackElo "2602"]
[PlyCount "112"]
[EventDate "2012.09.14"]
[EventType "swiss"]
[EventRounds "9"]
[EventCountry "DEN"]
[Source "ChessBase"]
[SourceDate "2012.10.19"]

1. d4 g6 2. e4 d6 3. Nf3 Nf6 4. Nc3 Bg7 5. h3 O-O 6. Be3 b6 7. Qd2 Bb7 8. Bd3
c5 9. Bh6 cxd4 10. Nxd4 Nbd7 11. O-O-O a6 12. h4 e5 13. Nf3 b5 14. h5 Nxh5 15.
Bxg7 Kxg7 16. g3 Nc5 17. Qe3 Qe7 18. Be2 Rh8 19. Rxh5 gxh5 20. Nh4 Bc8 21. Nd5
Qd8 22. f4 h6 23. Bxh5 Be6 24. Nf5+ Bxf5 25. exf5 Nd7 26. fxe5 dxe5 27. f6+
Nxf6 28. Nb6 Qe7 29. Nxa8 Nxh5 30. Qf3 Nf6 31. Nb6 e4 32. Qf5 Re8 33. Nd7 Nxd7
34. Rxd7 Qe6 35. Qxe6 Rxe6 36. Kd2 Rg6 37. Re7 Rxg3 38. Rxe4 f5 39. Re7+ Kf6
40. Ra7 h5 41. Rxa6+ Kg5 42. a4 bxa4 43. Rxa4 h4 44. Ra8 Kg4 45. Ke2 Rg2+ 46.
Kf1 Rxc2 47. b4 Rb2 48. Rb8 f4 49. b5 h3 50. Kg1 f3 51. Rg8+ Kf4 52. Rf8+ Ke3
53. Re8+ Kd4 54. Rd8+ Kc5 55. Rc8+ Kb6 56. Rc1 f2+ 0-1

[Event "Skovbo GM"]
[Site "Borup"]
[Date "2012.09.15"]
[Round "2"]
[White "Vesterli, Michael E"]
[Black "Lindgren, Philip"]
[Result "0-1"]
[WhiteElo "2037"]
[BlackElo "2256"]
[PlyCount "76"]
[EventDate "2012.09.14"]
[EventType "swiss"]
[EventRounds "9"]
[EventCountry "DEN"]
[Source "ChessBase"]
[SourceDate "2012.10.19"]

1. d4 Nf6 2. c4 e6 3. Nf3 b6 4. a3 Ba6 5. Nbd2 Bb7 6. Qc2 c5 7. e4 cxd4 8. Nxd4
Bc5 9. N4b3 Nc6 10. Nf3 d6 11. Be2 h6 12. O-O a5 13. Rd1 Qc7 14. Qd3 Ne5 15.
Nxe5 Bxe4 16. Qg3 dxe5 17. Nxc5 bxc5 18. Re1 O-O 19. Bxh6 Bg6 20. Bc1 Ne4 21.
Qe3 Rad8 22. Bd3 Nxf2 23. Bxg6 fxg6 24. Qg3 Qf7 25. Bg5 Rd3 26. Re3 Ne4 27. Qh4
Rxe3 28. Bxe3 Qf5 29. Qe1 a4 30. Qd1 Rb8 31. Qc2 Nf6 32. Qd2 e4 33. Rf1 Qe5 34.
Rf2 Rb3 35. h3 Rd3 36. Qe2 Kh7 37. Rf4 Qd6 38. Qf2 g5 0-1

[Event "Skovbo GM"]
[Site "Borup"]
[Date "2012.09.15"]
[Round "2"]
[White "Wang, Peter"]
[Black "Molvig, Henrik"]
[Result "1/2-1/2"]
[WhiteElo "1971"]
[BlackElo "2198"]
[PlyCount "28"]
[EventDate "2012.09.14"]
[EventType "swiss"]
[EventRounds "9"]
[EventCountry "DEN"]
[Source "ChessBase"]
[SourceDate "2012.10.19"]

1. e4 c5 2. Nf3 d6 3. d4 cxd4 4. Nxd4 Nf6 5. Nc3 a6 6. h3 e5 7. Nde2 b5 8. g4
b4 9. Nd5 Nxd5 10. Qxd5 Ra7 11. Be3 Be6 12. Qd3 Rd7 13. c4 Be7 14. Ng3 g6
1/2-1/2

[Event "Skovbo GM"]
[Site "Borup"]
[Date "2012.09.15"]
[Round "2"]
[White "Yildiz, Hasan"]
[Black "Nielsen, Jens Holm"]
[Result "0-1"]
[WhiteElo "2051"]
[BlackElo "1903"]
[PlyCount "132"]
[EventDate "2012.09.14"]
[EventType "swiss"]
[EventRounds "9"]
[EventCountry "DEN"]
[Source "ChessBase"]
[SourceDate "2012.10.19"]

1. c4 c5 2. Nc3 Nc6 3. Nf3 e5 4. g3 g6 5. Bg2 Bg7 6. O-O Nge7 7. e4 O-O 8. d3
d6 9. h3 a6 10. a3 Rb8 11. Bg5 f6 12. Bd2 Bd7 13. Kh2 b5 14. cxb5 axb5 15. b4
Kh8 16. Qb3 Nd4 17. Nxd4 exd4 18. Nd5 c4 19. dxc4 bxc4 20. Qxc4 Bb5 21. Qb3
Bxf1 22. Rxf1 Nxd5 23. Qxd5 Qb6 24. Bf4 Rfd8 25. Rc1 Qa6 26. Rc7 Rbc8 27. Rxc8
Rxc8 28. Qxd4 Qxa3 29. Bxd6 Qc3 30. Qxc3 Rxc3 31. Bf1 Kg8 32. b5 Bf8 33. Bxf8
Kxf8 34. Kg2 Ke7 35. g4 g5 36. f3 Kd6 37. Kf2 Ke5 38. Kg3 Kd4 39. Kf2 h6 40.
Kg3 Ke3 41. Kg2 Rc1 42. b6 Rb1 43. Bc4 Rxb6 44. Bd5 Kf4 45. h4 Rb2+ 46. Kh3 Rf2
47. hxg5 hxg5 48. Bc6 Rxf3+ 49. Kh2 Re3 50. Bd7 Kxe4 51. Bf5+ Kf4 52. Bd7 Rg3
53. Be6 Rxg4 54. Bd7 Rg3 55. Bc6 Rc3 56. Bd7 g4 57. Ba4 f5 58. Kg2 Kg5 59. Kf2
f4 60. Kg2 Rc4 61. Bb3 Rb4 62. Bd5 Rb2+ 63. Kf1 f3 64. Kg1 Kf4 65. Bc4 Rb1+ 66.
Bf1 g3 0-1

[Event "Skovbo GM"]
[Site "Borup"]
[Date "2012.09.15"]
[Round "3"]
[White "Bejtovic, Jasmin"]
[Black "Petersen, Nils"]
[Result "1-0"]
[WhiteElo "2390"]
[BlackElo "1958"]
[PlyCount "75"]
[EventDate "2012.09.14"]
[EventType "swiss"]
[EventRounds "9"]
[EventCountry "DEN"]
[Source "ChessBase"]
[SourceDate "2012.10.19"]

1. e4 c5 2. Nc3 Nc6 3. Bb5 d6 4. Bxc6+ bxc6 5. f4 e6 6. Nf3 d5 7. d3 h5 8. O-O
Nh6 9. Qe1 Be7 10. b3 O-O 11. Ba3 c4 12. Bxe7 Qxe7 13. bxc4 dxc4 14. d4 f6 15.
Rb1 Qc7 16. e5 f5 17. Na4 Nf7 18. Nc5 Nd8 19. Nh4 Nb7 20. Rxb7 Bxb7 21. Ng6 Qf7
22. Nxf8 Rxf8 23. Qb4 Bc8 24. Qxc4 Re8 25. Rb1 Qc7 26. Qc3 Kh7 27. a4 a6 28. a5
Rd8 29. Rb6 Rd5 30. Qe3 Qd8 31. c3 Rxc5 32. dxc5 Qd1+ 33. Kf2 Qc2+ 34. Kg3 h4+
35. Kh3 Bd7 36. Rb8 Kg6 37. Kxh4 Qd1 38. Qf3 1-0

[Event "Skovbo GM"]
[Site "Borup"]
[Date "2012.09.15"]
[Round "3"]
[White "Brondum, Jan Kraul"]
[Black "Pedersen, Sven"]
[Result "0-1"]
[WhiteElo "1625"]
[BlackElo "2121"]
[PlyCount "46"]
[EventDate "2012.09.14"]
[EventType "swiss"]
[EventRounds "9"]
[EventCountry "DEN"]
[Source "ChessBase"]
[SourceDate "2012.10.19"]

1. e4 c5 2. c3 Nf6 3. Qe2 Nc6 4. a4 d6 5. d3 g6 6. Nf3 Bg7 7. Be3 O-O 8. g3 b6
9. Bg2 Qc7 10. Nbd2 Ba6 11. c4 Rad8 12. O-O Ng4 13. Rac1 Nxe3 14. fxe3 Bxb2 15.
Rb1 Bg7 16. Qf2 e6 17. Ng5 Ne5 18. d4 Ng4 19. Qf4 Nxe3 20. Rf3 Nxc4 21. Nxc4
Bxc4 22. dxc5 Qxc5+ 23. Kh1 e5 0-1

[Event "Skovbo GM"]
[Site "Borup"]
[Date "2012.09.15"]
[Round "3"]
[White "Christensen, Henrik"]
[Black "Nilssen, John Arni"]
[Result "0-1"]
[WhiteElo "2026"]
[BlackElo "2372"]
[PlyCount "88"]
[EventDate "2012.09.14"]
[EventType "swiss"]
[EventRounds "9"]
[EventCountry "DEN"]
[Source "ChessBase"]
[SourceDate "2012.10.19"]

1. d4 Nf6 2. Nf3 g6 3. c4 Bg7 4. Nc3 d5 5. Bf4 O-O 6. e3 c5 7. dxc5 Qa5 8. Qa4
Qxc5 9. Qb5 Qxb5 10. Nxb5 Na6 11. Be5 Bd7 12. Nbd4 Rfc8 13. cxd5 Nxd5 14. Bxg7
Kxg7 15. a3 Nc5 16. b4 Na4 17. Bd3 Nac3 18. Ne5 Be8 19. Kd2 f6 20. Ne6+ Kg8 21.
e4 Nxb4 22. axb4 fxe5 23. Rhc1 Na4 24. Nc7 Rab8 25. Nxe8 Rxc1 26. Kxc1 Rc8+ 27.
Kb1 b5 28. Bc2 Nc3+ 29. Kb2 Kf8 30. Ng7 Kxg7 31. Rxa7 Kf8 32. Rb7 Ne2 33. Rxb5
Rxc2+ 34. Kxc2 Nd4+ 35. Kc3 Nxb5+ 36. Kc4 Nd4 37. f4 Ke8 38. Kd5 Kd7 39. fxe5
Nc6 40. e6+ Kc7 41. b5 Nd8 42. g4 Kb6 43. h4 Kxb5 44. h5 Kb6 0-1

[Event "Skovbo GM"]
[Site "Borup"]
[Date "2012.09.15"]
[Round "3"]
[White "Danielsen, Henrik"]
[Black "Hubka, Roland"]
[Result "1-0"]
[WhiteElo "2509"]
[BlackElo "2000"]
[PlyCount "63"]
[EventDate "2012.09.14"]
[EventType "swiss"]
[EventRounds "9"]
[EventCountry "DEN"]
[Source "ChessBase"]
[SourceDate "2012.10.19"]

1. Nf3 g6 2. d4 Bg7 3. g3 c5 4. d5 d6 5. Bg2 e5 6. c4 Nd7 7. Nc3 Ndf6 8. O-O a6
9. a3 Bd7 10. b4 b6 11. bxc5 bxc5 12. Rb1 Rb8 13. Bd2 Ne7 14. Qc2 O-O 15. Rxb8
Qxb8 16. Rb1 Qc8 17. Qb3 h6 18. Qb6 Bf5 19. Rb3 Rd8 20. Ne1 e4 21. Nc2 g5 22.
Ne3 Bg6 23. Bh3 Qa8 24. Na4 Bh5 25. Ba5 Re8 26. Qxd6 Bxe2 27. Nxc5 Ng6 28. Nxa6
Ne5 29. Rb8 Nf3+ 30. Kh1 Rxb8 31. Qxb8+ Qxb8 32. Nxb8 1-0

[Event "Skovbo GM"]
[Site "Borup"]
[Date "2012.09.15"]
[Round "3"]
[White "Hagen, Andreas Skytte"]
[Black "Bintzik, Bernhard"]
[Result "1-0"]
[WhiteElo "2422"]
[BlackElo "1970"]
[PlyCount "83"]
[EventDate "2012.09.14"]
[EventType "swiss"]
[EventRounds "9"]
[EventCountry "DEN"]
[Source "ChessBase"]
[SourceDate "2012.10.19"]

1. d4 e6 2. c4 d5 3. Nc3 c6 4. e4 dxe4 5. Nxe4 Bb4+ 6. Bd2 Qxd4 7. Bxb4 Qxe4+
8. Be2 Nd7 9. Qd6 c5 10. Bxc5 Nxc5 11. Qxc5 b6 12. Qc7 Bb7 13. O-O-O Qc6 14.
Qxc6+ Bxc6 15. Bf3 Rc8 16. Rd4 Nf6 17. Bxc6+ Rxc6 18. Nf3 Ke7 19. b3 Rhc8 20.
Ne5 Rc5 21. f4 Nd5 22. Nd3 R5c7 23. Re1 Kf6 24. Kd2 Ne7 25. Ne5 Nc6 26. Nxc6
Rxc6 27. Ke3 Ke7 28. Red1 R8c7 29. g4 Rc5 30. a4 h5 31. g5 g6 32. Rd8 R5c6 33.
Ke4 a5 34. Rb8 f5+ 35. gxf6+ Kxf6 36. Rdd8 Rf7 37. h4 Kg7 38. Rbc8 Rxc8 39.
Rxc8 Rb7 40. Ke5 Kf7 41. Rc6 Kg7 42. Rxe6 1-0

[Event "Skovbo GM"]
[Site "Borup"]
[Date "2012.09.15"]
[Round "3"]
[White "Hagerup, Per"]
[Black "Rhee, Alexander H"]
[Result "0-1"]
[WhiteElo "1660"]
[BlackElo "2183"]
[PlyCount "42"]
[EventDate "2012.09.14"]
[EventType "swiss"]
[EventRounds "9"]
[EventCountry "DEN"]
[Source "ChessBase"]
[SourceDate "2012.10.19"]

1. e4 g6 2. d4 Bg7 3. Nf3 d6 4. c3 Nf6 5. Bd3 O-O 6. O-O h6 7. h3 Nh5 8. e5 f5
9. exf6 Rxf6 10. Nh4 Qe8 11. g4 g5 12. Nf5 Bf8 13. f4 Nxf4 14. Bxf4 gxf4 15.
Rxf4 Qf7 16. Qf1 Nd7 17. Bc4 d5 18. Bd3 e6 19. g5 hxg5 20. Qg2 exf5 21. Qxg5+
Rg6 0-1

[Event "Skovbo GM"]
[Site "Borup"]
[Date "2012.09.15"]
[Round "3"]
[White "Hansen, Henrik Damgaard"]
[Black "Jorgensen, Brian Jorgen"]
[Result "0-1"]
[WhiteElo "1823"]
[BlackElo "2244"]
[PlyCount "54"]
[EventDate "2012.09.14"]
[EventType "swiss"]
[EventRounds "9"]
[EventCountry "DEN"]
[Source "ChessBase"]
[SourceDate "2012.10.19"]

1. d4 e6 2. e4 d5 3. e5 c5 4. c3 Nc6 5. Nf3 Bd7 6. a3 f6 7. b4 fxe5 8. Nxe5
Nxe5 9. dxe5 Qc7 10. f4 O-O-O 11. Bd3 g5 12. O-O c4 13. Bc2 Bg7 14. g3 gxf4 15.
gxf4 Ne7 16. Be3 Rhg8 17. Kf2 Rdf8 18. Ke1 Nc6 19. Qe2 Nxe5 20. fxe5 Bxe5 21.
Rxf8+ Rxf8 22. Bg1 b6 23. a4 Rg8 24. Bd4 Bxd4 25. cxd4 Qf4 26. Qf2 Qc1+ 27. Bd1
Rg4 0-1

[Event "Skovbo GM"]
[Site "Borup"]
[Date "2012.09.15"]
[Round "3"]
[White "Hein, Jacob"]
[Black "Yildiz, Hasan"]
[Result "0-1"]
[WhiteElo "1490"]
[BlackElo "2051"]
[PlyCount "42"]
[EventDate "2012.09.14"]
[EventType "swiss"]
[EventRounds "9"]
[EventCountry "DEN"]
[Source "ChessBase"]
[SourceDate "2012.10.19"]

1. c4 c5 2. g3 Nc6 3. Nc3 g6 4. Bg2 Bg7 5. Nf3 d6 6. d4 cxd4 7. Nxd4 Nxd4 8.
O-O Be6 9. Bxb7 Rb8 10. Bd5 Bh3 11. Bg2 Qc8 12. e3 Bxg2 13. Kxg2 Qc6+ 14. f3
Nf5 15. Qd3 h5 16. Rb1 h4 17. g4 h3+ 18. Kf2 Nh4 19. Kg3 Be5+ 20. Kxh3 Nxf3+
21. Kg2 Rxh2# 0-1

[Event "Skovbo GM"]
[Site "Borup"]
[Date "2012.09.15"]
[Round "3"]
[White "Jacobsen, Mads Holger Bang"]
[Black "Teplyi, Igor"]
[Result "1/2-1/2"]
[WhiteElo "2046"]
[BlackElo "2377"]
[PlyCount "71"]
[EventDate "2012.09.14"]
[EventType "swiss"]
[EventRounds "9"]
[EventCountry "DEN"]
[Source "ChessBase"]
[SourceDate "2012.10.19"]

1. c4 g6 2. d4 Nf6 3. Nc3 d5 4. Bf4 Bg7 5. e3 O-O 6. cxd5 Nxd5 7. Nxd5 Qxd5 8.
Bxc7 Na6 9. Bxa6 Qxg2 10. Qf3 Qxf3 11. Nxf3 bxa6 12. Ke2 Bg4 13. Rhc1 f6 14. d5
f5 15. Rab1 Rac8 16. b3 Kf7 17. Rc6 Ke8 18. Rbc1 Kd7 19. R6c4 e5 20. dxe6+ Kxe6
21. Bf4 Rxc4 22. Rxc4 Rd8 23. Rc6+ Kf7 24. Rxa6 Bc3 25. Bd6 Ke8 26. a3 Kd7 27.
Bf4 Ke8 28. Bd6 g5 29. Rc6 Kd7 30. Rxc3 Kxd6 31. b4 Rd7 32. Rc5 h6 33. Ra5 Ke7
34. h3 Bxh3 35. Ng1 Bg4+ 36. f3 1/2-1/2

[Event "Skovbo GM"]
[Site "Borup"]
[Date "2012.09.15"]
[Round "3"]
[White "Jorgensen, Alexander Torp"]
[Black "Sorensen, Dick"]
[Result "0-1"]
[WhiteElo "1584"]
[BlackElo "2041"]
[PlyCount "44"]
[EventDate "2012.09.14"]
[EventType "swiss"]
[EventRounds "9"]
[EventCountry "DEN"]
[Source "ChessBase"]
[SourceDate "2012.10.19"]

1. c4 e5 2. Nc3 Nc6 3. e3 d6 4. d4 g6 5. d5 Nce7 6. e4 Bg7 7. b4 f5 8. exf5
Bxf5 9. g4 Bd7 10. Bg2 Nf6 11. h3 O-O 12. Nge2 c6 13. Ng3 cxd5 14. Nxd5 Nfxd5
15. Bxd5+ Kh8 16. O-O Nxd5 17. Qxd5 Bc6 18. Qd2 Qh4 19. Kh2 Rf4 20. g5 Bd7 21.
Rh1 Raf8 22. Kg2 Bc6+ 0-1

[Event "Skovbo GM"]
[Site "Borup"]
[Date "2012.09.15"]
[Round "3"]
[White "Knudsen, Jes West"]
[Black "Mikkelsen, Nikolaj"]
[Result "0-1"]
[WhiteElo "1892"]
[BlackElo "2425"]
[PlyCount "80"]
[EventDate "2012.09.14"]
[EventType "swiss"]
[EventRounds "9"]
[EventCountry "DEN"]
[Source "ChessBase"]
[SourceDate "2012.10.19"]

1. e4 c5 2. Nf3 Nc6 3. b4 Nxb4 4. c3 Nc6 5. d4 d6 6. Bc4 e6 7. O-O Nf6 8. d5
exd5 9. exd5 Nb8 10. Re1+ Be7 11. Bg5 Kf8 12. Nbd2 h6 13. Bh4 Bf5 14. h3 Nbd7
15. g4 Bg6 16. Bb3 Qc7 17. Bg3 Nb6 18. c4 Re8 19. Bc2 Bxc2 20. Qxc2 g6 21. a4
Kg8 22. a5 Nbd7 23. a6 b6 24. Qa4 Bf8 25. Qc6 Qd8 26. Bxd6 Bxd6 27. Qxd6 Kg7
28. Qf4 Rxe1+ 29. Rxe1 Re8 30. Qd6 Qb8 31. Qc6 Rxe1+ 32. Nxe1 Qe5 33. Ndf3 Qe2
34. Qc7 Ne4 35. Qh2 Qxc4 36. Ne5 Qxd5 37. Nxd7 Qxd7 38. Qe5+ Nf6 39. Nf3 Qd5
40. Qxd5 Nxd5 0-1

[Event "Skovbo GM"]
[Site "Borup"]
[Date "2012.09.15"]
[Round "3"]
[White "Kokholm, Daniel"]
[Black "Carstensen, Jacob"]
[Result "0-1"]
[WhiteElo "1914"]
[BlackElo "2363"]
[PlyCount "56"]
[EventDate "2012.09.14"]
[EventType "swiss"]
[EventRounds "9"]
[EventCountry "DEN"]
[Source "ChessBase"]
[SourceDate "2012.10.19"]

1. e4 c5 2. Nc3 Nc6 3. g3 g6 4. Bg2 Bg7 5. d3 d6 6. Be3 e5 7. Qd2 Be6 8. f4
Nge7 9. Nf3 Nd4 10. O-O Nxf3+ 11. Rxf3 Qd7 12. Raf1 h5 13. a3 Rc8 14. Nd1 exf4
15. Bxf4 d5 16. Qe1 O-O 17. c3 b5 18. Nf2 Rfe8 19. Qc1 d4 20. Bh6 Bh8 21. Qg5
Nc6 22. Nh3 Ne5 23. Rf6 Bxh3 24. Bxh3 Qxh3 25. R1f4 Rc6 26. Rxc6 Nxc6 27. Rh4
Qd7 28. Qxc5 Ne5 0-1

[Event "Skovbo GM"]
[Site "Borup"]
[Date "2012.09.15"]
[Round "3"]
[White "Kristiansen, Jens"]
[Black "Wang, Peter"]
[Result "1-0"]
[WhiteElo "2430"]
[BlackElo "1971"]
[PlyCount "171"]
[EventDate "2012.09.14"]
[EventType "swiss"]
[EventRounds "9"]
[EventCountry "DEN"]
[Source "ChessBase"]
[SourceDate "2012.10.19"]

1. d4 Nf6 2. Nf3 g6 3. c4 Bg7 4. Nc3 d6 5. e4 O-O 6. Be2 e5 7. d5 a5 8. Bg5 h6
9. Bh4 Na6 10. Nd2 Nc5 11. O-O Bd7 12. b3 Qc8 13. a3 b6 14. Qc2 g5 15. Bg3 Re8
16. b4 Nb7 17. Rfc1 Bf8 18. Nf1 Be7 19. Ne3 Kg7 20. h3 Rg8 21. Qd1 Kf8 22. Ng4
Nxg4 23. Bxg4 Bxg4 24. Qxg4 Rh8 25. Qh5 Qe8 26. f3 f5 27. Qxe8+ Kxe8 28. exf5
Rf8 29. Bf2 Rxf5 30. Ne4 Kd7 31. Be3 h5 32. Rf1 Raf8 33. Ng3 Rf4 34. Bxf4 Rxf4
35. Ne4 h4 36. Ra2 Kd8 37. g3 hxg3 38. Rg2 Kd7 39. Rxg3 axb4 40. axb4 Nd8 41.
Rg4 Rf5 42. Kf2 Nf7 43. Ra1 Nh6 44. Rgg1 Nf7 45. Ra8 Rf4 46. Rc1 Rh4 47. Kg2
Rf4 48. Ra7 g4 49. hxg4 Ng5 50. c5 dxc5 51. bxc5 bxc5 52. Nxg5 Bxg5 53. Rxc5
Bd8 54. Kg3 Rd4 55. Ra1 Rd3 56. Re1 Be7 57. Rb5 Bd6 58. Re4 Ke7 59. Rb1 Kf6 60.
Rh1 Rxd5 61. Rh6+ Kg5 62. Re6 Rc5 63. Kf2 Rc2+ 64. Re2 Rc3 65. R2xe5+ Bxe5 66.
Rxe5+ Kf6 67. Re3 Rc1 68. Kg3 Rc4 69. f4 Rc1 70. g5+ Kf5 71. Re5+ Kg6 72. Kg4
Rg1+ 73. Kf3 Rf1+ 74. Kg3 Rc1 75. Re6+ Kf5 76. Rf6+ Ke4 77. g6 Rg1+ 78. Kf2 Rg4
79. f5 c5 80. Rf7 c4 81. g7 c3 82. f6 Kf5 83. Kf3 Rg6 84. Ke2 Ke4 85. Rf8 Rg2+
86. Kd1 1-0

[Event "Skovbo GM"]
[Site "Borup"]
[Date "2012.09.15"]
[Round "3"]
[White "Larsen, Karsten"]
[Black "Miezis, Normunds"]
[Result "0-1"]
[WhiteElo "2288"]
[BlackElo "2574"]
[PlyCount "58"]
[EventDate "2012.09.14"]
[EventType "swiss"]
[EventRounds "9"]
[EventCountry "DEN"]
[Source "ChessBase"]
[SourceDate "2012.10.19"]

1. g3 c5 2. Bg2 Nc6 3. e4 g6 4. f4 Bg7 5. Nf3 d6 6. d3 e5 7. O-O h5 8. h3 h4 9.
g4 exf4 10. Bxf4 Bxb2 11. Nbd2 Be5 12. Bg5 Bf6 13. Bxf6 Nxf6 14. Qe1 Nd7 15. c3
Nde5 16. d4 Nxf3+ 17. Nxf3 Qe7 18. Qd2 Bd7 19. Rab1 O-O-O 20. e5 d5 21. Ng5 Be6
22. Rf6 Rd7 23. Nxe6 fxe6 24. Rxg6 Qh7 25. Qc2 Ne7 26. Be4 dxe4 27. Rxe6 e3 28.
Qb3 Qe4 29. Rd6 e2 0-1

[Event "Skovbo GM"]
[Site "Borup"]
[Date "2012.09.15"]
[Round "3"]
[White "Lindgren, Philip"]
[Black "Molvig, Julius"]
[Result "1-0"]
[WhiteElo "2256"]
[BlackElo "1904"]
[PlyCount "117"]
[EventDate "2012.09.14"]
[EventType "swiss"]
[EventRounds "9"]
[EventCountry "DEN"]
[Source "ChessBase"]
[SourceDate "2012.10.19"]

1. d4 Nf6 2. c4 g6 3. Nc3 Bg7 4. e4 d6 5. Be2 O-O 6. Nf3 e5 7. O-O Nc6 8. d5
Ne7 9. b4 a5 10. Ba3 axb4 11. Bxb4 b6 12. a4 Nh5 13. g3 f5 14. Ng5 Nf6 15. Bf3
f4 16. a5 h6 17. Ne6 Bxe6 18. dxe6 Nc6 19. Ba3 Rxa5 20. Nd5 Nxd5 21. exd5 Nd4
22. Be4 Qf6 23. Qd3 Nf5 24. Bb2 fxg3 25. hxg3 Qg5 26. Bc3 Raa8 27. Rfe1 h5 28.
Bd2 Qf6 29. Qf3 Nd4 30. Qxf6 Bxf6 31. Bh6 Rfd8 32. Kg2 Kh7 33. Be3 Nb3 34. Rxa8
Rxa8 35. Rh1 Kg7 36. g4 hxg4 37. Rh6 Kf8 38. Rh7 Kg8 39. Bxg6 Bg7 40. e7 Bf6
41. Rf7 Bg7 42. Rf5 Nd4 43. Bxd4 exd4 44. e8=Q+ Rxe8 45. Bxe8 d3 46. Kf1 Bc3
47. Rg5+ Kf8 48. Ba4 Kf7 49. Rxg4 Ke7 50. Rg3 Bd4 51. Rxd3 Bc5 52. f4 Kf6 53.
Ke2 Kf5 54. Kf3 Bg1 55. Rd1 Bc5 56. Bc2+ Kf6 57. Rh1 Bd4 58. Rh6+ Kf7 59. Kg4
1-0

[Event "Skovbo GM"]
[Site "Borup"]
[Date "2012.09.15"]
[Round "3"]
[White "Marthedal, Anton Mehmet Yildiz"]
[Black "Andersen, Bjarne Hjorth"]
[Result "0-1"]
[WhiteElo "1352"]
[BlackElo "2035"]
[PlyCount "86"]
[EventDate "2012.09.14"]
[EventType "swiss"]
[EventRounds "9"]
[EventCountry "DEN"]
[Source "ChessBase"]
[SourceDate "2012.10.19"]

1. c4 Nf6 2. Nc3 d5 3. g3 dxc4 4. Qa4+ c6 5. Qxc4 Be6 6. Qa4 Nbd7 7. Bg2 Nb6 8.
Qc2 g6 9. b3 Bg7 10. Bb2 O-O 11. Nf3 h6 12. O-O Qd7 13. Ne4 Nxe4 14. Bxg7 Kxg7
15. Qxe4 Rad8 16. Rfd1 Bf5 17. Qb4 f6 18. Qa5 Nc8 19. d4 b6 20. Qc3 Nd6 21. Nd2
Nb5 22. Qxc6 Nxd4 23. Qxd7 Rxd7 24. Kf1 Rfd8 25. Nc4 e5 26. e3 Nc2 27. Rxd7+
Rxd7 28. Rc1 Nb4 29. a3 Na2 30. Re1 Bc2 31. b4 Bd3+ 32. Kg1 Bxc4 33. Bf3 Nc3
34. Rc1 Ne2+ 35. Bxe2 Bxe2 36. Kg2 e4 37. Rc2 Bf3+ 38. Kh3 f5 39. Ra2 Kf6 40.
Rc2 Kg5 41. Rc1 Rd2 42. Ra1 Rxf2 43. Rc1 Bg4# 0-1

[Event "Skovbo GM"]
[Site "Borup"]
[Date "2012.09.15"]
[Round "3"]
[White "Molvig, Henrik"]
[Black "Andersen, Troels Baekgaard"]
[Result "1/2-1/2"]
[WhiteElo "2198"]
[BlackElo "1771"]
[PlyCount "47"]
[EventDate "2012.09.14"]
[EventType "swiss"]
[EventRounds "9"]
[EventCountry "DEN"]
[Source "ChessBase"]
[SourceDate "2012.10.19"]

1. d4 Nf6 2. c4 e6 3. Nc3 d5 4. Bg5 Be7 5. e3 O-O 6. Nf3 b6 7. Be2 Bb7 8. Bxf6
Bxf6 9. cxd5 exd5 10. Qb3 a6 11. O-O Qd6 12. Rad1 Nd7 13. Rfe1 Rfe8 14. Bf1
Rad8 15. g3 c5 16. Bg2 c4 17. Qc2 b5 18. a3 g6 19. e4 dxe4 20. Nxe4 Bxe4 21.
Rxe4 Rxe4 22. Qxe4 Bg7 23. Re1 Nf6 24. Qb7 1/2-1/2

[Event "Skovbo GM"]
[Site "Borup"]
[Date "2012.09.15"]
[Round "3"]
[White "Nielsen, Jens Holm"]
[Black "Antonsen, Mikkel"]
[Result "0-1"]
[WhiteElo "1903"]
[BlackElo "2445"]
[PlyCount "48"]
[EventDate "2012.09.14"]
[EventType "swiss"]
[EventRounds "9"]
[EventCountry "DEN"]
[Source "ChessBase"]
[SourceDate "2012.10.19"]

1. d4 Nf6 2. Nf3 d5 3. Bf4 c5 4. e3 Nc6 5. c3 Qb6 6. Na3 c4 7. b4 Ne4 8. Qc1
Nxc3 9. Qxc3 e5 10. Rb1 exf4 11. Nc2 a5 12. b5 Nb4 13. a4 Bf5 14. Nxb4 axb4 15.
Qc1 b3 16. Be2 Qa5+ 17. Kf1 Qxa4 18. g4 Ba3 19. Qe1 Bb4 20. Nd2 Bxb1 21. Qxb1
Qa1 22. Kg2 Qxb1 23. Nxb1 fxe3 24. fxe3 O-O 0-1

[Event "Skovbo GM"]
[Site "Borup"]
[Date "2012.09.15"]
[Round "3"]
[White "Percivaldi, Martin"]
[Black "Stuhr, Finn"]
[Result "1-0"]
[WhiteElo "2041"]
[BlackElo "1657"]
[PlyCount "107"]
[EventDate "2012.09.14"]
[EventType "swiss"]
[EventRounds "9"]
[EventCountry "DEN"]
[Source "ChessBase"]
[SourceDate "2012.10.19"]

1. d4 Nf6 2. g3 d5 3. c4 e6 4. Nf3 Nc6 5. Bg2 b6 6. O-O Bb7 7. Nbd2 Qd7 8. b3
g6 9. Bb2 Bg7 10. e3 O-O 11. Qe2 Rfd8 12. Rfd1 Ne7 13. Ne5 Qd6 14. Rac1 Nd7 15.
Nd3 Nc6 16. f4 a5 17. a3 Rac8 18. Ne5 Ncb8 19. e4 c6 20. Qf2 f6 21. Nd3 Na6 22.
Qf3 Nc7 23. c5 bxc5 24. e5 Qe7 25. Nxc5 Nxc5 26. Rxc5 Na6 27. Rxa5 Qc7 28. b4
fxe5 29. fxe5 Bh6 30. Nb3 Bg5 31. Nc5 Nxc5 32. Rxc5 Rf8 33. Qe2 Qb6 34. Bc1 Ba6
35. Qg4 Bxc1 36. Qxe6+ Rf7 37. Rdxc1 Kg7 38. b5 Bb7 39. Bxd5 Rcf8 40. Bg2 Qd8
41. Qg4 Bc8 42. Qe4 Bf5 43. Qe3 cxb5 44. d5 Kg8 45. d6 Be6 46. Qd4 Qg5 47. Rf1
Rxf1+ 48. Bxf1 Bc4 49. Bxc4+ bxc4 50. Qxc4+ Rf7 51. Qd4 Qf5 52. Rc1 Kf8 53. Rd1
Ke8 54. d7+ 1-0

[Event "Skovbo GM"]
[Site "Borup"]
[Date "2012.09.15"]
[Round "3"]
[White "Preuss, Flemming"]
[Black "Kunin, Vitaly L"]
[Result "0-1"]
[WhiteElo "1990"]
[BlackElo "2511"]
[PlyCount "94"]
[EventDate "2012.09.14"]
[EventType "swiss"]
[EventRounds "9"]
[EventCountry "DEN"]
[Source "ChessBase"]
[SourceDate "2012.10.19"]

1. f4 d5 2. Nf3 g6 3. g3 Bg7 4. Bg2 Nf6 5. d3 O-O 6. O-O c5 7. Nc3 d4 8. Ne4
Nbd7 9. e3 dxe3 10. c3 Nd5 11. Qe2 b6 12. Bxe3 Nxe3 13. Qxe3 Bb7 14. Rad1 Qc7
15. d4 cxd4 16. Nxd4 Rad8 17. Rd2 a6 18. Rfd1 b5 19. Nf3 Nb6 20. Rxd8 Rxd8 21.
Rxd8+ Qxd8 22. Nc5 Qd1+ 23. Kf2 Nc4 24. Qd3 Nxb2 25. Qxd1 Nxd1+ 26. Ke1 Bxf3
27. Bxf3 Nxc3 28. Nxa6 Nxa2 29. Kd2 e6 30. Kc2 Nc3 31. Bc6 Ne2 32. Kd3 Nd4 33.
Bb7 Nf5 34. Nc5 Kf8 35. Ba6 b4 36. g4 Ne7 37. Ke4 Nc6 38. Bb5 Na5 39. Ba4 Ke7
40. Nb3 Nc4 41. f5 gxf5+ 42. gxf5 Nd6+ 43. Kd3 Nxf5 44. Kc4 Bc3 45. Na5 Ne3+
46. Kd3 Ng4 47. Nc6+ Kd6 0-1

[Event "Skovbo GM"]
[Site "Borup"]
[Date "2012.09.15"]
[Round "3"]
[White "Rostgaard, Tobias Valentin"]
[Black "Jensen, Steen Dahlgaard"]
[Result "1-0"]
[WhiteElo "2227"]
[BlackElo "1846"]
[PlyCount "71"]
[EventDate "2012.09.14"]
[EventType "swiss"]
[EventRounds "9"]
[EventCountry "DEN"]
[Source "ChessBase"]
[SourceDate "2012.10.19"]

1. d4 d5 2. c4 dxc4 3. e3 e5 4. Bxc4 exd4 5. exd4 Nf6 6. Nf3 Bd6 7. O-O O-O 8.
h3 h6 9. Nc3 a6 10. a4 Nc6 11. Re1 Bf5 12. Ne5 Nb4 13. Bb3 c6 14. g4 Bh7 15. g5
hxg5 16. Bxg5 Be7 17. Qd2 Nfd5 18. Bxe7 Nxe7 19. Ne4 Nbd5 20. Ng5 Bf5 21. Bc2
f6 22. Bxf5 Nxf5 23. Ne6 Qe8 24. Ng4 Qg6 25. Nxf8 Rxf8 26. Ra3 Nd6 27. Kh1 Nc4
28. Qd3 Qxd3 29. Rxd3 Nxb2 30. Rb3 Nxa4 31. Rxb7 Nf4 32. Rc1 f5 33. Ne5 Nxh3
34. Rc4 c5 35. Rxa4 cxd4 36. Rxd4 1-0